[Event "DEN-ch Seniors 50"]
[Site "Logumkloster"]
[Date "2020.02.13"]
[Round "5"]
[White "Von Bulow, Soren"]
[Black "Bohnstedt, Michael"]
[Result "1/2-1/2"]
[WhiteElo "1587"]
[BlackElo "1456"]
[PlyCount "116"]
[EventDate "2020.02.09"]
[EventType "swiss"]
[EventRounds "7"]
[EventCountry "DEN"]
[SourceTitle "EXT 2021"]
[Source "ChessBase"]
[SourceDate "2020.10.23"]
[SourceVersion "1"]
[SourceVersionDate "2020.10.23"]
[SourceQuality "1"]

1. c4 e5 2. Nc3 Nf6 3. g3 d5 4. cxd5 Nxd5 5. Bg2 c6 6. Nf3 Nxc3 7. bxc3 Bd6 8. d3 Be6 9. 0-0 0-0 10. Qc2 Nd7 11. d4 exd4 12. cxd4 Be7 13. Bb2 Bf6 14. e4 g6 15. Rad1 Nb6 16. Rfe1 Re8 17. Ba1 Bg7 18. Nh4 Qd7 19. a4 Rac8 20. a5 Na8 21. Qd2 Nc7 22. Qb4 Nb5 23. d5 cxd5 24. exd5 Bg4 25. Rxe8+ Rxe8 26. f3 Be6 27. Bxg7 Kxg7 28. Qd2 Rd8 29. f4 Bg4 30. Rb1 a6 31. Nf3 Qxd5 32. Qxd5 Rxd5 33. Ne5 Rd1+ 34. Rxd1 Bxd1 35. Bxb7 Nc7 36. Kf2 Ba4 37. Ke3 Bb5 38. Kd4 Kf6 39. Kc5 g5 40. Kb6 Nd5+ 41. Ka7 Nb4 42. Ng4+ Kf5 43. Bc8+ Kg6 44. Ne5+ Kf6 45. Nd7+ Kg6 46. fxg5 Kxg5 47. Nc5 Nc6+ 48. Kb6 Nxa5 49. Kxa5 f5 50. Nxa6 Bd3 51. Nc5 Bc2 52. Ne6+ Kg4 53. Ng7 Kh3 54. Nxf5 Kxh2 55. g4 Kh3 56. Ne3 Bg6 57. Kb4 Kh4 58. Ng2+ Kg5 1/2-1/2